| 000 -LEADER |
| fixed length control field |
00445cam a22001217a 4500 |
| 008 - FIXED-LENGTH DATA ELEMENTS--GENERAL INFORMATION |
| fixed length control field |
180718b-- xxu||||| |||| 00| 0 eng d |
| 082 ## - DEWEY DECIMAL CLASSIFICATION NUMBER |
| Classification number |
A81x54 In2/61/9 |
| 100 ## - MAIN ENTRY--PERSONAL NAME |
| Personal name |
Census of India 1961 |
| 245 ## - TITLE STATEMENT |
| Title |
Madras: demography and vital statistics (report) |
| 260 ## - PUBLICATION, DISTRIBUTION, ETC. |
| Place of publication, distribution, etc. |
Delhi |
| Name of publisher, distributor, etc. |
The Manager of Publications |
| Date of publication, distribution, etc. |
-- |
| 440 ## - SERIES STATEMENT/ADDED ENTRY--TITLE |
| Title |
Census of India 1961. Volume IX, Madras. Part I-B (i) |
| 500 ## - GENERAL NOTE |
| General note |
Contents: Part 1B (i). 1965. 456+p.;Part 1B (ii). 1969. 595+p. |